000 00398cam a2200157ua 4500
041 _aeng
_h
082 _a621.822
_bRAG/VI
100 _aRagulskis, Metal K .
245 _aVibration of bearings /
_cMetal K Ragulskis.
_hTextual Documents
250 _a1 /
_b.
260 _aNew Delhi :
_bOxonian Press Pvt Ltd ,
_c1979.
300 _a388 ; .
504 _a
942 _cBK
999 _c6729
_d6729